Städte und Gemeinden im Landkreis Nienburg (Weser) mit Karte - Statistiken

Allgemein
  • Dieses Quiz wurde 71 mal gespielt
  • Das Durchschnittsergebnis liegt bei 20 aus 36
Antworten auf der Karte
Die Antworten werden auf der Karte rot bzw. grün angezeigt, abhängig davon wie oft sie richtig erraten wurden.
 
Antwortstatistiken
Stadt oder Gemeinde % Korrekt
Nienburg (Weser)
95%
Hoya
80%
Rehburg-Loccum
75%
Uchte
75%
Marklohe
73%
Steyerberg
68%
Stolzenau
68%
Eystrup
65%
Husum
65%
Steimbke
65%
Wietzen
65%
Drakenburg
60%
Leese
60%
Rodewald
60%
Landesbergen
58%
Liebenau
58%
Warmsen
58%
Bücken
55%
Estorf
55%
Heemsen
55%
Balge
53%
Haßbergen
53%
Diepenau
50%
Hassel (Weser)
45%
Linsburg
45%
Stöckse
45%
Pennigsehl
40%
Rohrsen
40%
Binnen
38%
Hoyerhagen
38%
Raddestorf
38%
Hilgermissen
35%
Warpe
35%
Gandesbergen
33%
Hämelhausen
33%
Schweringen
33%
Keine übereinstimmenden Quizze gefunden
Verteilung der Resultate
Anzahl Personen mit jedem Resultat
Perzentil nach korrekt beantworteten Fragen
Ihre Resultats-Entwicklung
Sie haben dieses Quiz noch nicht gespielt